000 00422nam a2200181Ia 4500
008 090123s9999 xx 000 0 und d
082 _b35847
100 _aVERNON THOMAS
245 _aSINDBAD THE SAILOR
250 _a0
260 _bCHUNMUN CHILDREN BOOKS
300 _a82
600 _aVERNON THOMAS
630 _aSINDBAD THE SAILOR
700 _aVERNON THOMAS
730 _aSINDBAD THE SAILOR
942 _cBOOK
999 _c73915
_d73915